|
|
|
|
| LEADER |
00639cam a2200217ua 4500 |
| 008 |
060815t2002||||||||||| 00 ||eng c |
| 020 |
|
|
|a 81-208-1318-9
|
| 041 |
0 |
|
|a eng
|
| 082 |
|
|
|a 510
|b GLO/V.1
|
| 100 |
0 |
|
|a Glover,, James T.
|
| 245 |
1 |
0 |
|a Vedic mathematics for schools, Book-1 /
|
| 250 |
|
|
|a 1st.
|
| 260 |
|
|
|a Delhi:
|b Motilal Banarasidass,
|c 2002.
|
| 300 |
|
|
|a 133p..
|
| 362 |
1 |
|
|a 2002.
|
| 365 |
|
|
|a Rs.95/-
|e pb.
|
| 504 |
|
|
|a .
|
| 650 |
0 |
|
|a Mathematics
|
| 942 |
|
|
|c BK
|
| 999 |
|
|
|c 10623
|d 10623
|
| 952 |
|
|
|0 0
|1 0
|4 0
|6 510_000000000000000_GLOV
|7 0
|9 11081
|a KUCL
|b KUCL
|d 2014-05-23
|l 2
|m 1
|o 510 GLO/V.
|p 12492
|r 2018-05-07
|s 2018-03-03
|w 2014-05-23
|y BK
|